000
00325nam a2200157Ia 4500
100
_a
Shyam/ Talawadekar
250
_a
2
942
_c
BK
654
_a
world
245
_a
World of Kaizen
260
_b
Quality Mgt Systems
_a
Mumbai
_c
1996
082
_a
658.562
_b
TAL
300
_a
313
546
_a
ENGLISH
999
_c
30483
_d
30483